| 000 | 00942nas a2200301 4500 | ||
|---|---|---|---|
| 001 | BR2013007358 | ||
| 003 | BR-BrBNA | ||
| 005 | 20231205122924.0 | ||
| 007 | ta | ||
| 008 | 230509b bl.|||p| |||| 00| 00por d | ||
| 040 |
_aBR-BrBNA _bpor _cBiblioteca Nacional de Agricultura |
||
| 041 | _a(En) | ||
| 072 | _aH60 | ||
| 100 | 1 | _aOliveira, G. de L. | |
| 100 | 1 | _aAbreu, H. dos S. | |
| 100 | 1 | _aElias, T. de F. | |
| 100 | 1 | _aSilva, B.C. da | |
| 100 | 1 | _aGurgel, M. de M. | |
| 100 | 1 | _aGonçalves, C.H.R. | |
| 100 | 1 | _aSoares, G.L.G. | |
| 245 | 1 | _aHistochemistry and infrared microspectroscopy of lignified tissue in young stems of struthanthus vulgaris Mart. | |
| 650 | _aERVA DE PASSARINHO | ||
| 650 | _aHISTOQUIMICA | ||
| 650 | _aMICROSCOPIA | ||
| 773 | 0 |
_tFloresta e Ambiente (Brazil) _xISSN 1415-0980 _g(Apr-Jun 2013), v. 20(2) p. 257-263 _wBR2013007358 |
|
| 909 |
_a202311 _bLúcia _c55 _dLúcia Elande |
||
| 942 |
_2AGRIS _n0 _cANA |
||
| 999 |
_c231275 _d231275 |
||